01073nam a2200217 i 450000100060000000300090000600500170001500700030003200800410003510000410007624502800011726000510039730000350044850000350048350000550051870000410057371000430061485200340065799900170069195201470070894726ES-MaACL20230906181536.0t|050512s1949 cu ||||1| spa d1 aLoynaz del Castillo, Enrique.97440210aDiscursos leidos en la recepción pública del Mayor General Enrique Loynaz del Castillo el 29 de agosto de 1949. Contesta en nombre de la Corporación el Dr. Néstor Carbonell y Rivero (sobre el Mayor General José María Rodríguez) / cLoynaz del Castillo, Enrique. aLa Habana : b[s.n.], c1949 (fImp. Siglo XX) a61 p., 1 lám. (1) ; c25 cm. a(1).- Retrato del biografiado. aPrecede al tít: Academia de la Historia de Cuba.1 aCarbonell y Rivero, Néstor.9350742 aAcademia de la Historia de Cuba.91183 aES-MaACLj1900-F-13 bR.28838 c94726d94726 001040708Colección_de_folletosaATENEOMbATENEOMcDEPOFd2008-01-17eSCl0o1900-F-13p1098927r2023-02-23 00:00:00w2023-02-23yFOLLETOS